|
|
|
|
| LEADER |
00000cam a2200000 7i4500 |
| 001 |
0000003028 |
| 005 |
20040405.0 |
| 020 |
0 |
0 |
|a 1842774662
|
| 090 |
0 |
0 |
|a 634.909595
|b JOM 2004
|
| 100 |
1 |
0 |
|a JOMO
|h K.S. [
|q (Kwame Sundaram)]
|
| 245 |
1 |
0 |
|a Deforesting Malaysia :
|b the political economy and social ecology of agriculture expansion and commercial logging
|c Jomo K. S., Y. T. Chang, K. J. Khoo
|
| 260 |
0 |
0 |
|a London :
|b Zed Books ,
|c 2004
|
| 300 |
|
|
|a xix, 253 p. ;
|c 23 cm.
|
| 500 |
0 |
0 |
|a Includes bibliography : p. 228-239 and index
|
| 650 |
0 |
0 |
|a Deforestation
|z Malaysia
|
| 650 |
0 |
0 |
|a Forests and forestry
|z Malaysia
|
| 700 |
0 |
1 |
|a Chang
|h K. S.
|
| 700 |
0 |
1 |
|a Khoo
|h K. J.
|
| 998 |
|
|
|a JPSM
|
| 999 |
|
|
|a 0000005360
|b Monograph
|c Open Shelf
|e Default branch
|